AI for physics (Record no. 1237727)

MARC details
000 -LEADER
fixed length control field 00778nam a2200265Ia 4500
005 - DATE AND TIME OF LATEST TRANSACTION
control field 20250117103546.0
008 - FIXED-LENGTH DATA ELEMENTS--GENERAL INFORMATION
fixed length control field 008 250103s9999 xx 000 0 eng d
020 ## - INTERNATIONAL STANDARD BOOK NUMBER
International Standard Book Number 9781032156552
037 ## - SOURCE OF ACQUISITION
Stock number Textual
040 ## - CATALOGING SOURCE
Original cataloging agency CSL
Language of cataloging eng
Transcribing agency CSL
041 ## - LANGUAGE CODE
Language code of text/sound track or separate title eng
Source of code eng
084 ## - COLON CLASSIFICATION NUMBER
Classification number C R3
Assigning agency CSL
100 ## - MAIN ENTRY--PERSONAL NAME
Personal name Knecht, Volker
9 (RLIN) 731668
245 #0 - TITLE STATEMENT
Title AI for physics
Statement of responsibility, etc. Knecht, Volker
260 ## - PUBLICATION, DISTRIBUTION, ETC.
Place of publication, distribution, etc. Boca raton
Name of publisher, distributor, etc. CRC Press/T&F Newyork
Date of publication, distribution, etc. 2023
300 ## - PHYSICAL DESCRIPTION
Extent xviii,129p. ill.
650 ## - SUBJECT ADDED ENTRY--TOPICAL TERM
Topical term or geographic name entry element Ai for cosmology
9 (RLIN) 733865
650 ## - SUBJECT ADDED ENTRY--TOPICAL TERM
Topical term or geographic name entry element Ai for molecular physics
9 (RLIN) 733866
650 ## - SUBJECT ADDED ENTRY--TOPICAL TERM
Topical term or geographic name entry element Ai for particle physics
9 (RLIN) 733867
650 ## - SUBJECT ADDED ENTRY--TOPICAL TERM
Topical term or geographic name entry element Gathering the team
9 (RLIN) 733868
650 ## - SUBJECT ADDED ENTRY--TOPICAL TERM
Topical term or geographic name entry element Quantum computer
9 (RLIN) 733869
650 ## - SUBJECT ADDED ENTRY--TOPICAL TERM
Topical term or geographic name entry element Physics
942 ## - ADDED ENTRY ELEMENTS (KOHA)
Koha item type Textual
Classification part C R3
Holdings
Withdrawn status Lost status Damaged status Not for loan Home library Current library Date acquired Source of acquisition Inventory number Total Checkouts Full call number Barcode Date due Date last seen Date last checked out Price effective from Koha item type
        Central Science Library Central Science Library 2025-01-17 Excel Book International 030, 11/12/2023 4 C R3 SL1655677 2026-04-15 2026-04-01 2026-04-01 2025-01-17 Textual
Copyright @ Delhi University Library System